Sole e acciaio /

Uloženo v:
Podrobná bibliografie
Hlavní autor: Mishima, Yukio (Autor)
Další autoři: Origlia, Lydia
Médium: Kniha
Jazyk:italština
Vydáno: [Milano] : Tea, 1991
Edice:TEA ; 112
Tagy: Přidat tag
Žádné tagy, Buďte první, kdo vytvoří štítek k tomuto záznamu!

MARC

LEADER 00000nam a22000007i 4500
001 IT\ICCU\VIA\0046741
003 ItRI
005 20260115231931.0
008 941123s1991 it |||||| ||||| |||||c
020 |a 8878191981 
040 |b ita  |c importazione bologna sebina 
041 7 |a ita  |2 ISO-639-2 
100 1 |a Mishima, Yukio  |0 IT\ICCU\CFIV\002484  |4 aut 
240 1 0 |a Taiyō to tetsu. -  |3 IT\ICCU\RAV\0059980  |9 Mishima, Yukio 
245 1 0 |a Sole e acciaio /  |c Yukio Mishima ; traduzione di Lydia Origlia. 
260 |a [Milano] :  |b Tea,  |c 1991 
300 |a 95 p. ;  |c 18 cm. 
700 1 |a Origlia, Lydia  |0 IT\ICCU\CFIV\045542 
790 1 |a Hiraoka, Kimitake  |3 IT\ICCU\CFIV\226673  |z Mishima, Yukio 
790 1 |a Origlia, Lidia  |3 IT\ICCU\CFIV\160545  |z Origlia, Lydia 
830 0 |a TEA ;  |v 112  |0 IT\ICCU\CFI\0136400 
942 |2 ddc  |c BK  |n 0 
952 |0 0  |1 0  |4 0  |6 DOC_895_635000000000000_MIS  |7 0  |9 17026  |a BO  |b BO  |d 2026-01-15  |i 3856  |l 0  |o DOC 895.635 MIS  |p BO3856  |r 2026-01-15 23:19:31  |w 2026-01-15  |x [Sebina 5] [1 v.]  |y BK  |z 1 v. 
999 |c 14540  |d 14540